[Event "CUB-ch"]
[Site "Santa Clara"]
[Date "1999.??.??"]
[Round "?"]
[White "Garcia Martinez, Silvino"]
[Black "Delgado Ramirez, Neuris"]
[Result "1-0"]
[WhiteElo "2420"]
[BlackElo "2417"]
[PlyCount "55"]
[EventDate "1999.??.??"]
[EventType "tourn"]
[EventRounds "15"]
[EventCountry "CUB"]
[EventCategory "8"]
[SourceTitle "EXT 2003"]
[Source "ChessBase"]
[SourceDate "2002.11.25"]
[SourceVersion "1"]
[SourceVersionDate "2002.11.25"]
[SourceQuality "1"]

1. e4 c5 2. Nf3 d6 3. d4 cxd4 4. Nxd4 Nf6 5. Nc3 Nc6 6. Bg5 a6 7. Bxf6 gxf6 8.
Nb3 e6 9. Qh5 Qb6 10. Bd3 Nd4 11. O-O Bd7 12. Rae1 Nc6 13. Kh1 Be7 14. f4 O-O-O
15. Nd5 exd5 16. exd5 Ne5 17. fxe5 dxe5 18. Qxf7 Qd6 19. c4 Rdf8 20. Qh5 Rhg8
21. Bf5 Bxf5 22. Qxf5+ Kb8 23. Rd1 Qb4 24. Qe6 Rd8 25. Nd2 Rg7 26. b3 Rdg8 27.
g3 h5 28. Ne4 1-0

[Event "CUB-ch"]
[Site "Santa Clara"]
[Date "1999.??.??"]
[Round "?"]
[White "Gongora Reyes, Maikel"]
[Black "Delgado Ramirez, Neuris"]
[Result "1/2-1/2"]
[WhiteElo "2427"]
[BlackElo "2417"]
[PlyCount "58"]
[EventDate "1999.??.??"]
[EventType "tourn"]
[EventRounds "15"]
[EventCountry "CUB"]
[EventCategory "8"]
[SourceTitle "EXT 2003"]
[Source "ChessBase"]
[SourceDate "2002.11.25"]
[SourceVersion "1"]
[SourceVersionDate "2002.11.25"]
[SourceQuality "1"]

1. e4 c5 2. Nf3 Nc6 3. d4 cxd4 4. Nxd4 Qc7 5. Nc3 e6 6. Be2 a6 7. O-O b5 8.
Nxc6 dxc6 9. f4 Nf6 10. e5 Nd5 11. Ne4 Be7 12. Kh1 O-O 13. b3 f5 14. exf6 Nxf6
15. Bd3 e5 16. fxe5 Nxe4 17. Rxf8+ Bxf8 18. Bxe4 Bf5 19. Bxf5 Qxe5 20. Bb2 Qxb2
21. Bd3 Qe5 22. Qe1 Re8 23. Qxe5 Rxe5 24. g3 Bb4 25. Kg2 Re1 26. Rxe1 Bxe1 27.
Kf3 h6 28. Be4 c5 29. Bg6 Kf8 1/2-1/2

[Event "CUB-ch"]
[Site "Santa Clara"]
[Date "1999.??.??"]
[Round "?"]
[White "Pecorelli Garcia, Humberto"]
[Black "Delgado Ramirez, Neuris"]
[Result "1/2-1/2"]
[WhiteElo "2430"]
[BlackElo "2417"]
[PlyCount "80"]
[EventDate "1999.??.??"]
[EventType "tourn"]
[EventRounds "15"]
[EventCountry "CUB"]
[EventCategory "8"]
[SourceTitle "EXT 2003"]
[Source "ChessBase"]
[SourceDate "2002.11.25"]
[SourceVersion "1"]
[SourceVersionDate "2002.11.25"]
[SourceQuality "1"]

1. Nf3 Nf6 2. c4 e6 3. Nc3 d5 4. d4 c5 5. cxd5 cxd4 6. Qa4+ Bd7 7. Qxd4 exd5 8.
Nxd5 Qa5+ 9. Nc3 Nc6 10. Qd1 Ne4 11. Bd2 Nxd2 12. Nxd2 Bb4 13. Qc1 Rc8 14. a3
Bxc3 15. Qxc3 Qxc3 16. bxc3 Na5 17. Rc1 Be6 18. e3 Ke7 19. Bd3 Rc7 20. Ke2 Rhc8
21. Nb1 Nb3 22. Rcd1 Nc5 23. Bc2 Bc4+ 24. Kf3 Rc6 25. h4 Ra6 26. Rd2 Na4 27.
Rhd1 Be6 28. Bxa4 Rxa4 29. Rd4 Ra5 30. Rb4 b6 31. Rd2 Bc4 32. a4 Bd5+ 33. Kg3
Be6 34. Rdd4 Ba2 35. Re4+ Kf8 36. Rb2 Bc4 37. Rb4 Bd3 38. Red4 Bxb1 39. Rxb1
Rxc3 40. Rbd1 Rc7 1/2-1/2

[Event "CUB-ch U20"]
[Site "Camaguey"]
[Date "1999.??.??"]
[Round "1"]
[White "Bruzon Batista, Lazaro"]
[Black "Delgado Ramirez, Neuris"]
[Result "1-0"]
[WhiteElo "2488"]
[BlackElo "2445"]
[PlyCount "59"]
[EventDate "1999.??.??"]
[EventType "tourn"]
[EventRounds "9"]
[EventCountry "CUB"]
[EventCategory "5"]
[SourceTitle "EXT 2000"]
[Source "ChessBase"]
[SourceDate "1999.11.16"]
[SourceVersion "1"]
[SourceVersionDate "1999.11.16"]
[SourceQuality "1"]

1. e4 c5 2. Nf3 d6 3. d4 cxd4 4. Nxd4 Nf6 5. Nc3 a6 6. Be3 e5 7. Nb3 Be7 8. f3
Be6 9. Qd2 O-O 10. O-O-O b5 11. g4 b4 12. Nd5 Bxd5 13. exd5 a5 14. Kb1 Qc7 15.
g5 Nfd7 16. h4 Nb6 17. h5 Nc4 18. Bxc4 Qxc4 19. Rdg1 a4 20. Rg4 Qa6 21. Nc1 b3
22. g6 Qc8 23. axb3 axb3 24. Nxb3 Bf6 25. gxh7+ Kh8 26. Bh6 Kxh7 27. Bxg7 Bxg7
28. h6 Bf6 29. Rg7+ Kh8 30. Qd3 1-0

[Event "CUB-ch U20"]
[Site "Camaguey"]
[Date "1999.??.??"]
[Round "2"]
[White "Delgado Ramirez, Neuris"]
[Black "Almeida Quintana, Omar"]
[Result "1-0"]
[WhiteElo "2445"]
[BlackElo "2370"]
[PlyCount "109"]
[EventDate "1999.??.??"]
[EventType "tourn"]
[EventRounds "9"]
[EventCountry "CUB"]
[EventCategory "5"]
[SourceTitle "EXT 2000"]
[Source "ChessBase"]
[SourceDate "1999.11.16"]
[SourceVersion "1"]
[SourceVersionDate "1999.11.16"]
[SourceQuality "1"]

1. e4 c5 2. Nf3 Nc6 3. Bb5 e6 4. O-O Nge7 5. b3 a6 6. Bxc6 Nxc6 7. Bb2 d5 8.
exd5 Qxd5 9. Nc3 Qh5 10. Ne4 Qg6 11. Re1 Be7 12. d4 cxd4 13. Nxd4 Bd7 14. Nf3
O-O-O 15. Nd6+ Kb8 16. Be5 Ka8 17. Nc4 Be8 18. Qe2 Nxe5 19. Nfxe5 Qg5 20. Rad1
f6 21. Nf3 Qc5 22. Qxe6 Rxd1 23. Rxd1 Bc6 24. Nd4 Rd8 25. c3 Be8 26. Re1 Bf8
27. b4 Qc7 28. Qb6 Qxb6 29. Nxb6+ Ka7 30. Ne6 Rb8 31. Nxf8 Kxb6 32. Re7 Rd8 33.
h4 Bc6 34. Nxh7 Rg8 35. c4 Be8 36. g4 Bg6 37. Nxf6 gxf6 38. Re6+ Kc7 39. Rxf6
Bh5 40. g5 Be2 41. f4 Rh8 42. Kf2 Bxc4 43. Kg3 Kd7 44. f5 Ke7 45. Rb6 Bd5 46.
a4 Kf7 47. Kg4 Kg7 48. h5 Re8 49. Rg6+ Kh7 50. f6 Re4+ 51. Kf5 Rh4 52. Rg7+ Kh8
53. h6 Rc4 54. f7 Rc8 55. g6 1-0

[Event "CUB-ch U20"]
[Site "Camaguey"]
[Date "1999.??.??"]
[Round "3"]
[White "Olivera Medrano, Joan"]
[Black "Delgado Ramirez, Neuris"]
[Result "0-1"]
[WhiteElo "2375"]
[BlackElo "2445"]
[PlyCount "84"]
[EventDate "1999.??.??"]
[EventType "tourn"]
[EventRounds "9"]
[EventCountry "CUB"]
[EventCategory "5"]
[SourceTitle "EXT 2000"]
[Source "ChessBase"]
[SourceDate "1999.11.16"]
[SourceVersion "1"]
[SourceVersionDate "1999.11.16"]
[SourceQuality "1"]

1. d4 d5 2. c4 dxc4 3. Nf3 Nf6 4. e3 e6 5. Bxc4 c5 6. O-O a6 7. a4 Nc6 8. Nc3
Be7 9. Qd3 cxd4 10. exd4 Nb4 11. Qe2 O-O 12. Re1 Nfd5 13. Nxd5 Nxd5 14. Qe5 Bf6
15. Qe4 Bd7 16. Bxd5 exd5 17. Qd3 Re8 18. Rxe8+ Qxe8 19. Bg5 Bxg5 20. Nxg5 g6
21. a5 Qe7 22. Nf3 Re8 23. Qc3 Rc8 24. Qb3 Be6 25. h3 Rc4 26. Qa3 Qxa3 27. Rxa3
Rb4 28. b3 Bf5 29. Kf1 Be4 30. Ne1 Rxd4 31. Ke2 Rb4 32. f3 Bb1 33. g4 g5 34.
Kd2 d4 35. Ra4 Rxb3 36. Rxd4 Kg7 37. Rd5 h6 38. Rd6 Bg6 39. Rb6 Rxb6 40. axb6
Kf6 41. Ng2 Ke5 42. Ne3 Kd4 0-1

[Event "CUB-ch U20"]
[Site "Camaguey"]
[Date "1999.??.??"]
[Round "4"]
[White "Delgado Ramirez, Neuris"]
[Black "Perea, Osmany"]
[Result "1-0"]
[WhiteElo "2445"]
[BlackElo "2295"]
[PlyCount "79"]
[EventDate "1999.??.??"]
[EventType "tourn"]
[EventRounds "9"]
[EventCountry "CUB"]
[EventCategory "5"]
[SourceTitle "EXT 2000"]
[Source "ChessBase"]
[SourceDate "1999.11.16"]
[SourceVersion "1"]
[SourceVersionDate "1999.11.16"]
[SourceQuality "1"]

1. c4 e5 2. Nc3 Nf6 3. Nf3 Nc6 4. d4 exd4 5. Nxd4 Bb4 6. Nxc6 bxc6 7. g3 O-O 8.
Bg2 Re8 9. O-O Bxc3 10. bxc3 Qe7 11. Be3 Ne4 12. Rc1 Qe6 13. Qa4 c5 14. Rfd1 a5
15. Rc2 d6 16. Rb1 Bd7 17. Qb3 Bc6 18. a3 h6 19. Qa2 Reb8 20. Rxb8+ Rxb8 21.
Bf4 Ba4 22. Rb2 Rxb2 23. Qxb2 Qxc4 24. Qb8+ Kh7 25. Qb1 f5 26. f3 Nxc3 27.
Qxf5+ g6 28. Qf8 Nxe2+ 29. Kf2 Nxf4 30. gxf4 Qd4+ 31. Kg3 Bc2 32. h4 Qg7 33.
Qe8 Bd3 34. Bh3 c4 35. Qb5 c6 36. Qxc6 c3 37. Qxd6 c2 38. Qc5 Qf7 39. h5 gxh5
40. Kf2 1-0

[Event "CUB-ch U20"]
[Site "Camaguey"]
[Date "1999.??.??"]
[Round "5"]
[White "Gonzalez Vidal, Yuri"]
[Black "Delgado Ramirez, Neuris"]
[Result "0-1"]
[WhiteElo "2425"]
[BlackElo "2445"]
[PlyCount "118"]
[EventDate "1999.??.??"]
[EventType "tourn"]
[EventRounds "9"]
[EventCountry "CUB"]
[EventCategory "5"]
[SourceTitle "EXT 2000"]
[Source "ChessBase"]
[SourceDate "1999.11.16"]
[SourceVersion "1"]
[SourceVersionDate "1999.11.16"]
[SourceQuality "1"]

1. e4 d6 2. d4 Nf6 3. Nc3 c6 4. Nf3 Bg4 5. Be2 e6 6. O-O Be7 7. a3 d5 8. h3 Bh5
9. exd5 cxd5 10. g4 Bg6 11. Ne5 Ne4 12. Bb5+ Kf8 13. Nxe4 Bxe4 14. f3 Bg6 15.
c3 a6 16. Ba4 b5 17. Bb3 Nd7 18. Nd3 Qc7 19. Kg2 Bd6 20. Bc2 h5 21. Rh1 Nf6 22.
Bd2 Ke7 23. g5 Nd7 24. h4 Nb6 25. Qe2 Nc4 26. Bc1 Rhe8 27. a4 Kf8 28. b3 Nb6
29. axb5 axb5 30. Bb2 Nd7 31. Nb4 Bxc2 32. Nxc2 Qc6 33. Qd3 g6 34. Ne3 Bf4 35.
Rhe1 Rxa1 36. Bxa1 Ra8 37. Bb2 Bc7 38. Nf1 e5 39. dxe5 Bxe5 40. Ne3 Ra2 41. Re2
Nc5 42. Qb1 Ra8 43. c4 d4 44. Nd5 Re8 45. Ba3 Bd6 46. Rxe8+ Qxe8 47. Qd1 Qe5
48. f4 Qe4+ 49. Kg3 bxc4 50. bxc4 Kg7 51. Bxc5 Bxc5 52. Qf3 Qe1+ 53. Kh3 Bd6
54. f5 gxf5 55. Nf6 d3 56. Nxh5+ Kg6 57. Nf4+ Bxf4 58. Qxf4 Qh1+ 59. Kg3 Qg1+
0-1

[Event "CUB-ch U20"]
[Site "Camaguey"]
[Date "1999.??.??"]
[Round "7"]
[White "Quesada Perez, Yuniesky"]
[Black "Delgado Ramirez, Neuris"]
[Result "1-0"]
[WhiteElo "2210"]
[BlackElo "2445"]
[PlyCount "87"]
[EventDate "1999.??.??"]
[EventType "tourn"]
[EventRounds "9"]
[EventCountry "CUB"]
[EventCategory "5"]
[SourceTitle "EXT 2000"]
[Source "ChessBase"]
[SourceDate "1999.11.16"]
[SourceVersion "1"]
[SourceVersionDate "1999.11.16"]
[SourceQuality "1"]

1. e4 c5 2. Nf3 a6 3. c3 d6 4. d4 Nd7 5. Bd3 g6 6. O-O Bg7 7. Nbd2 Qc7 8. Re1
e6 9. Nf1 Ne7 10. Ng3 e5 11. Be3 O-O 12. Qd2 Nf6 13. h3 b5 14. Bh6 Nc6 15. d5
Ne7 16. Bxg7 Kxg7 17. Rf1 h6 18. a4 Bd7 19. Bc2 Rfb8 20. a5 Re8 21. b3 Qd8 22.
Qe3 Rh8 23. b4 c4 24. Nh2 g5 25. Bd1 Ng6 26. Bg4 Nf4 27. Bxd7 Qxd7 28. Rfd1 Kh7
29. Rd2 Rhg8 30. Rad1 Ne8 31. Qf3 Qd8 32. Nf5 h5 33. Kf1 Nf6 34. Qe3 Rg6 35.
Kg1 Nd7 36. Kh1 Qf6 37. g3 Nd3 38. Qf3 g4 39. hxg4 hxg4 40. Nxg4 Qg5 41. Kg2
Qxd2 42. Rh1+ Kg8 43. Ne7+ Kg7 44. Rh7+ 1-0

[Event "CUB-ch sf"]
[Site "Cuba"]
[Date "1999.??.??"]
[Round "?"]
[White "Barroso, Wildred"]
[Black "Delgado Ramirez, Neuris"]
[Result "0-1"]
[WhiteElo "2225"]
[BlackElo "2415"]
[PlyCount "80"]
[EventDate "1999.??.??"]
[EventType "tourn"]
[EventRounds "11"]
[EventCountry "CUB"]
[SourceTitle "EXT 2004"]
[Source "ChessBase"]
[SourceDate "2003.11.25"]
[SourceVersion "1"]
[SourceVersionDate "2003.11.25"]
[SourceQuality "1"]

1. e4 c5 2. Nf3 a6 3. Nc3 d6 4. d4 cxd4 5. Nxd4 Nf6 6. Be2 e5 7. Nf3 h6 8. O-O
Be7 9. h3 O-O 10. Re1 Nbd7 11. Bf1 b5 12. a4 b4 13. Nd5 Nc5 14. Nxf6+ Bxf6 15.
Be3 Qc7 16. Nd2 Bb7 17. Qg4 Bc8 18. Qh5 Be6 19. b3 Qc6 20. Bxc5 Qxc5 21. Bd3
Bg5 22. Nc4 g6 23. Qe2 f5 24. Ne3 Kg7 25. exf5 gxf5 26. h4 Bxh4 27. Bxf5 Bxf5
28. Nxf5+ Rxf5 29. Qg4+ Rg5 30. Qxh4 Rf8 31. Re2 Qc3 32. Rae1 Rf4 33. Qh2 h5
34. Kf1 h4 35. Qh3 Qc6 36. Rd1 Rg3 37. Qh2 Rc3 38. Rdd2 Rxb3 39. cxb3 Qc1+ 40.
Re1 Qxd2 0-1

[Event "CUB-ch sf"]
[Site "Cuba"]
[Date "1999.??.??"]
[Round "?"]
[White "Delgado Ramirez, Neuris"]
[Black "Martinez, Boris"]
[Result "1-0"]
[WhiteElo "2415"]
[BlackElo "2270"]
[PlyCount "69"]
[EventDate "1999.??.??"]
[EventType "tourn"]
[EventRounds "11"]
[EventCountry "CUB"]
[SourceTitle "EXT 2004"]
[Source "ChessBase"]
[SourceDate "2003.11.25"]
[SourceVersion "1"]
[SourceVersionDate "2003.11.25"]
[SourceQuality "1"]

1. e4 c5 2. Nf3 Nc6 3. Bb5 e6 4. O-O Nge7 5. b3 a6 6. Bxc6 Nxc6 7. Bb2 b5 8. d4
cxd4 9. Nxd4 Bb7 10. a4 bxa4 11. Rxa4 Be7 12. Nf3 O-O 13. Qe2 a5 14. Rd1 Nb4
15. c3 Na6 16. Rad4 d5 17. c4 Bc5 18. R4d2 Re8 19. Nc3 Qb8 20. cxd5 exd5 21.
Nxd5 Bxd5 22. Rxd5 Qxb3 23. Ne5 Bf8 24. Nd7 Re6 25. h3 Nc7 26. Nxf8 Rxf8 27.
Rd7 Na6 28. R1d3 Qb4 29. Ba3 Qb1+ 30. Rd1 Qxe4 31. Qxe4 Rxe4 32. Bxf8 Kxf8 33.
Ra7 Nc5 34. Rc1 Nd3 35. Rcc7 1-0

[Event "CUB-ch sf"]
[Site "Cuba"]
[Date "1999.??.??"]
[Round "?"]
[White "Delgado Ramirez, Neuris"]
[Black "Ravelo Gil, Eddy"]
[Result "1-0"]
[WhiteElo "2415"]
[BlackElo "2330"]
[PlyCount "45"]
[EventDate "1999.??.??"]
[EventType "tourn"]
[EventRounds "11"]
[EventCountry "CUB"]
[SourceTitle "EXT 2004"]
[Source "ChessBase"]
[SourceDate "2003.11.25"]
[SourceVersion "1"]
[SourceVersionDate "2003.11.25"]
[SourceQuality "1"]

1. e4 e5 2. Nf3 Nc6 3. Bb5 f5 4. d3 Nf6 5. exf5 Nd4 6. Ba4 c6 7. O-O Qa5 8.
Nxd4 Qxa4 9. Nf3 d6 10. d4 e4 11. Ng5 Bxf5 12. Nc3 Qc4 13. f3 e3 14. Bxe3 h6
15. Nge4 d5 16. Ng3 Bd7 17. a3 Qa6 18. Qd2 O-O-O 19. Bf4 g5 20. Be5 Bg7 21.
Rae1 Rde8 22. Nd1 Qb6 23. Qb4 1-0

[Event "CUB-ch sf"]
[Site "Cuba"]
[Date "1999.??.??"]
[Round "?"]
[White "Delgado Ramirez, Neuris"]
[Black "Vazquez, Ramon"]
[Result "1-0"]
[WhiteElo "2415"]
[BlackElo "2405"]
[PlyCount "55"]
[EventDate "1999.??.??"]
[EventType "tourn"]
[EventRounds "11"]
[EventCountry "CUB"]
[SourceTitle "EXT 2004"]
[Source "ChessBase"]
[SourceDate "2003.11.25"]
[SourceVersion "1"]
[SourceVersionDate "2003.11.25"]
[SourceQuality "1"]

1. e4 c5 2. Nf3 e6 3. d4 cxd4 4. Nxd4 a6 5. f4 d6 6. Bd3 Nf6 7. Nf3 Nbd7 8. Qe2
e5 9. Nc3 Be7 10. Bd2 O-O 11. g4 exf4 12. O-O-O Ne5 13. h3 Be6 14. Bxf4 Nfd7
15. Nd5 Bxd5 16. exd5 Nxf3 17. Qxf3 Bg5 18. h4 Bxf4+ 19. Qxf4 Ne5 20. g5 Rc8
21. Kb1 b5 22. Be4 Qe7 23. h5 a5 24. Qf5 g6 25. hxg6 fxg6 26. Qe6+ Qxe6 27.
dxe6 Rfd8 28. Rd5 1-0

[Event "CUB-ch sf"]
[Site "Cuba"]
[Date "1999.??.??"]
[Round "?"]
[White "Rodriguez, Pedro"]
[Black "Delgado Ramirez, Neuris"]
[Result "0-1"]
[WhiteElo "2370"]
[BlackElo "2415"]
[PlyCount "116"]
[EventDate "1999.??.??"]
[EventType "tourn"]
[EventRounds "11"]
[EventCountry "CUB"]
[SourceTitle "EXT 2004"]
[Source "ChessBase"]
[SourceDate "2003.11.25"]
[SourceVersion "1"]
[SourceVersionDate "2003.11.25"]
[SourceQuality "1"]

1. e4 e5 2. Nf3 Nf6 3. Bc4 Nxe4 4. Nc3 Nd6 5. Bb3 Nc6 6. Qe2 Be7 7. Nxe5 O-O 8.
Nxc6 dxc6 9. O-O Nf5 10. Re1 Bd6 11. Ne4 Nd4 12. Qe3 Be6 13. c3 Nxb3 14. axb3
Bxb3 15. Nxd6 Qxd6 16. Rxa7 Rxa7 17. Qxa7 b6 18. Qa3 Qxa3 19. bxa3 Be6 20. d4
Ra8 21. Bf4 Ra7 22. Ra1 Kf8 23. Kf1 Ke7 24. Ke2 Bc4+ 25. Kd2 Kd7 26. Kc2 Ra5
27. Kb2 Rb5+ 28. Kc2 Be6 29. a4 Bf5+ 30. Kd2 Rb2+ 31. Ke1 Be4 32. a5 bxa5 33.
Rxa5 h6 34. Ra7 Bxg2 35. Bxc7 Ke6 36. Bd8 Bd5 37. Re7+ Kf5 38. Re2 Rb1+ 39. Kd2
Kg4 40. Re3 Rb2+ 41. Ke1 g5 42. Bf6 Rb1+ 43. Ke2 Bc4+ 44. Kd2 Rf1 45. Rg3+ Kf5
46. Rf3+ Kg6 47. Be5 f5 48. Bc7 f4 49. Bb6 Bd5 50. Rh3 Bg2 51. Rd3 Be4 52. Rh3
Rxf2+ 53. Ke1 Rb2 54. Bc5 f3 55. d5 cxd5 56. Kf1 h5 57. Be3 g4 58. Rh4 Bd3+ 0-1

[Event "Copa Union de Reyes 4th"]
[Site "Matanzas"]
[Date "1999.??.??"]
[Round "1"]
[White "Bruzon Batista, Lazaro"]
[Black "Delgado Ramirez, Neuris"]
[Result "0-1"]
[WhiteElo "2488"]
[BlackElo "2415"]
[PlyCount "68"]
[EventDate "1999.??.??"]
[EventType "tourn"]
[EventRounds "11"]
[EventCountry "CUB"]
[EventCategory "3"]
[SourceTitle "EXT 2000"]
[Source "ChessBase"]
[SourceDate "1999.11.16"]
[SourceVersion "1"]
[SourceVersionDate "1999.11.16"]
[SourceQuality "1"]

1. e4 e5 2. Nf3 Nf6 3. Nxe5 d6 4. Nf3 Nxe4 5. d4 d5 6. Bd3 Nc6 7. O-O Be7 8.
Re1 Bg4 9. c3 f5 10. Nbd2 O-O 11. Qb3 Kh8 12. Qxb7 Rf6 13. Qb5 Rb8 14. Qa4 Bd6
15. Kf1 Bf4 16. Bb5 Ne7 17. Nxe4 fxe4 18. Ne5 Bxe5 19. dxe5 Rg6 20. Bf4 Qf8 21.
Bg3 Nf5 22. Kg1 Nxg3 23. hxg3 Rh6 24. Bd7 Rxb2 25. Rf1 Be2 26. Rfb1 Bb5 27.
Qxa7 Rxb1+ 28. Rxb1 Bxd7 29. Rb8 Be8 30. Qxc7 Re6 31. g4 Qf4 32. a4 e3 33. fxe3
Qxe3+ 34. Kf1 Rxe5 0-1

[Event "Copa Union de Reyes 4th"]
[Site "Matanzas"]
[Date "1999.??.??"]
[Round "2"]
[White "Delgado Ramirez, Neuris"]
[Black "Barroso, Wildred"]
[Result "1-0"]
[WhiteElo "2415"]
[BlackElo "2225"]
[PlyCount "79"]
[EventDate "1999.??.??"]
[EventType "tourn"]
[EventRounds "11"]
[EventCountry "CUB"]
[EventCategory "3"]
[SourceTitle "EXT 2000"]
[Source "ChessBase"]
[SourceDate "1999.11.16"]
[SourceVersion "1"]
[SourceVersionDate "1999.11.16"]
[SourceQuality "1"]

1. e4 c6 2. d4 d5 3. exd5 cxd5 4. c4 Nf6 5. Nc3 e6 6. Nf3 Be7 7. c5 O-O 8. Bd3
b6 9. b4 a5 10. Na4 Nfd7 11. Qc2 Nc6 12. Bxh7+ Kh8 13. b5 Nb4 14. Qb1 bxc5 15.
a3 cxd4 16. O-O d3 17. axb4 Kxh7 18. bxa5 Rxa5 19. Nd4 Bb7 20. Qxd3+ Kg8 21.
Nb3 Ra8 22. Bb2 e5 23. f4 Bd6 24. fxe5 Nxe5 25. Qd4 Qg5 26. Bc1 Qe7 27. Bf4
Rfe8 28. Nbc5 Rac8 29. Rac1 Ba8 30. Rc2 Nc4 31. Bxd6 Nxd6 32. Rb2 Ne4 33. Rc2
Nd6 34. b6 Bc6 35. Nc3 Nc4 36. Re2 Qd6 37. Ref2 Re7 38. N3e4 dxe4 39. Qxc4 Bd5
40. b7 1-0

[Event "Copa Union de Reyes 4th"]
[Site "Matanzas"]
[Date "1999.??.??"]
[Round "4"]
[White "Delgado Ramirez, Neuris"]
[Black "Santa Torres, Luis A"]
[Result "1/2-1/2"]
[WhiteElo "2415"]
[BlackElo "2220"]
[PlyCount "24"]
[EventDate "1999.??.??"]
[EventType "tourn"]
[EventRounds "11"]
[EventCountry "CUB"]
[EventCategory "3"]
[SourceTitle "EXT 2000"]
[Source "ChessBase"]
[SourceDate "1999.11.16"]
[SourceVersion "1"]
[SourceVersionDate "1999.11.16"]
[SourceQuality "1"]

1. e4 c6 2. d4 d5 3. exd5 cxd5 4. c4 Nf6 5. Nc3 Nc6 6. Bg5 Qa5 7. Bxf6 exf6 8.
c5 Bxc5 9. dxc5 d4 10. a3 dxc3 11. b4 Qc7 12. Bd3 O-O 1/2-1/2

[Event "Copa Union de Reyes 4th"]
[Site "Matanzas"]
[Date "1999.??.??"]
[Round "5"]
[White "Abreu Delgado, Aryam"]
[Black "Delgado Ramirez, Neuris"]
[Result "1/2-1/2"]
[WhiteElo "2410"]
[BlackElo "2415"]
[PlyCount "25"]
[EventDate "1999.??.??"]
[EventType "tourn"]
[EventRounds "11"]
[EventCountry "CUB"]
[EventCategory "3"]
[SourceTitle "EXT 2000"]
[Source "ChessBase"]
[SourceDate "1999.11.16"]
[SourceVersion "1"]
[SourceVersionDate "1999.11.16"]
[SourceQuality "1"]

1. e4 c5 2. Nf3 Nc6 3. d4 cxd4 4. Nxd4 Nf6 5. Nc3 d6 6. Bc4 e6 7. Bb3 Bd7 8. f4
Be7 9. Be3 O-O 10. O-O Nxd4 11. Bxd4 Bc6 12. Qd3 b5 13. Rae1 1/2-1/2

[Event "Copa Union de Reyes 4th"]
[Site "Matanzas"]
[Date "1999.??.??"]
[Round "6"]
[White "Perez Garcia, Rodney Oscar"]
[Black "Delgado Ramirez, Neuris"]
[Result "1/2-1/2"]
[WhiteElo "2405"]
[BlackElo "2415"]
[PlyCount "23"]
[EventDate "1999.??.??"]
[EventType "tourn"]
[EventRounds "11"]
[EventCountry "CUB"]
[EventCategory "3"]
[SourceTitle "EXT 2000"]
[Source "ChessBase"]
[SourceDate "1999.11.16"]
[SourceVersion "1"]
[SourceVersionDate "1999.11.16"]
[SourceQuality "1"]

1. e4 c5 2. c3 Qa5 3. Nf3 Nc6 4. Bd3 Nf6 5. O-O d6 6. h3 g6 7. Re1 Bg7 8. Bf1
O-O 9. d4 cxd4 10. cxd4 d5 11. exd5 Ne4 12. Nbd2 1/2-1/2

[Event "Copa Union de Reyes 4th"]
[Site "Matanzas"]
[Date "1999.??.??"]
[Round "7"]
[White "Delgado Ramirez, Neuris"]
[Black "Vehreschild, Axel"]
[Result "1-0"]
[WhiteElo "2415"]
[BlackElo "2110"]
[PlyCount "81"]
[EventDate "1999.??.??"]
[EventType "tourn"]
[EventRounds "11"]
[EventCountry "CUB"]
[EventCategory "3"]
[SourceTitle "EXT 2000"]
[Source "ChessBase"]
[SourceDate "1999.11.16"]
[SourceVersion "1"]
[SourceVersionDate "1999.11.16"]
[SourceQuality "1"]

1. e4 d5 2. exd5 Qxd5 3. Nc3 Qa5 4. d4 Nf6 5. Nf3 Nc6 6. Bd2 Bg4 7. Bb5 O-O-O
8. Bxc6 bxc6 9. h3 Qh5 10. Qe2 Kb7 11. O-O-O Bxf3 12. gxf3 e6 13. Rhg1 h6 14.
Be3 Nd5 15. Nxd5 Rxd5 16. c4 Ra5 17. Kb1 Rf5 18. Qc2 g6 19. Qb3+ Kc8 20. d5
exd5 21. Bd4 Rg8 22. Bxa7 Kd7 23. cxd5 Rxd5 24. Rxd5+ cxd5 25. Qb5+ Kd8 26. Rd1
Qf5+ 27. Ka1 Bd6 28. Rxd5 Qxf3 29. a4 Ke7 30. Qc6 Qh1+ 31. Ka2 Qxh3 32. Bc5 Qd7
33. Re5+ Kd8 34. Qa8+ Qc8 35. Qd5 Qd7 36. Bxd6 cxd6 37. Re4 Rf8 38. a5 h5 39.
Rb4 Qe6 40. Qxe6 fxe6 41. Rb8+ 1-0

[Event "Copa Union de Reyes 4th"]
[Site "Matanzas"]
[Date "1999.??.??"]
[Round "9"]
[White "Delgado Ramirez, Neuris"]
[Black "Arribas Robaina, Maritza"]
[Result "1-0"]
[WhiteElo "2415"]
[BlackElo "2320"]
[PlyCount "71"]
[EventDate "1999.??.??"]
[EventType "tourn"]
[EventRounds "11"]
[EventCountry "CUB"]
[EventCategory "3"]
[SourceTitle "EXT 2000"]
[Source "ChessBase"]
[SourceDate "1999.11.16"]
[SourceVersion "1"]
[SourceVersionDate "1999.11.16"]
[SourceQuality "1"]

1. e4 e5 2. Nf3 d6 3. d4 exd4 4. Nxd4 Nf6 5. Nc3 Be7 6. Bf4 a6 7. Qd2 O-O 8. f3
d5 9. O-O-O dxe4 10. fxe4 c5 11. Nf5 Qxd2+ 12. Rxd2 Bxf5 13. exf5 Nc6 14. Be2
Nd4 15. g4 Rad8 16. Bd1 Rfe8 17. Rf1 Bd6 18. g5 Ne4 19. Nxe4 Rxe4 20. Bxd6 Rxd6
21. c3 Nb5 22. Rxd6 Nxd6 23. Bc2 Re8 24. Rd1 Rd8 25. f6 b6 26. Be4 h6 27. h4
hxg5 28. hxg5 gxf6 29. gxf6 Re8 30. Rxd6 Rxe4 31. Rxb6 Re6 32. Rxe6 fxe6 33. b4
Kf7 34. a4 Kxf6 35. b5 axb5 36. a5 1-0

[Event "Granma"]
[Site "Granma"]
[Date "1999.??.??"]
[Round "?"]
[White "Hernandez, Roberto"]
[Black "Delgado Ramirez, Neuris"]
[Result "1-0"]
[WhiteElo "2240"]
[BlackElo "2417"]
[PlyCount "53"]
[EventDate "1999.??.??"]
[EventType "tourn"]
[EventRounds "8"]
[EventCountry "CUB"]
[SourceTitle "EXT 2003"]
[Source "ChessBase"]
[SourceDate "2002.11.25"]
[SourceVersion "1"]
[SourceVersionDate "2002.11.25"]
[SourceQuality "1"]

1. e4 c5 2. Nf3 Nc6 3. d4 cxd4 4. Nxd4 Nf6 5. Nc3 d6 6. Bc4 e6 7. Be3 Bd7 8.
Bb3 Rc8 9. Ndb5 d5 10. exd5 exd5 11. Nxd5 Nb4 12. Nxf6+ Qxf6 13. Nxa7 Rc7 14.
O-O Bd6 15. Bd4 Qh6 16. Re1+ Be6 17. Be5 Bxe5 18. Rxe5 O-O 19. Qd6 Nxc2 20.
Rxe6 Nxa1 21. Rxh6 Rc1+ 22. Bd1 gxh6 23. g3 Re8 24. Qd2 Rc7 25. Nb5 Rce7 26.
Kg2 Re5 27. a4 1-0